000 00569nam a2200229Ia 4500
003 OSt
005 20220924151538.0
006 a|||||r|||| 00| 0
007 ta
008 220923b |||||||| |||| 00| 0 ara d
024 _a338124
037 _cTextual
040 _aARTS
_cARTS
_bara
041 _2ara
_aara
082 _aO28,3D20:g, M9
100 _aAbdullah Au.
245 0 _aAsaru Ibnul Muqaffa
260 _c1989
650 _aARABIC FICTION
_964594
942 _hO28,3D20:g, M9
_cTEXL
_2CC
999 _c466915
_d466915